Malý milionár (Record no. 22693)
[ view plain ]
| 000 -LEADER | |
|---|---|
| fixed length control field | 01581cam a2200433 a 4500 |
| 001 - CONTROL NUMBER | |
| control field | 22693 |
| 003 - CONTROL NUMBER IDENTIFIER | |
| control field | SK-KTurca |
| 005 - DATE AND TIME OF LATEST TRANSACTION | |
| control field | 20260420162532.0 |
| 008 - FIXED-LENGTH DATA ELEMENTS--GENERAL INFORMATION | |
| fixed length control field | 240318s2015 xo a c 000 f slo |
| 015 ## - NATIONAL BIBLIOGRAPHY NUMBER | |
| National bibliography number | SNBA2016/04 |
| 020 ## - INTERNATIONAL STANDARD BOOK NUMBER | |
| International Standard Book Number | 9788055614755 |
| Qualifying information | (viaz.) |
| 035 ## - SYSTEM CONTROL NUMBER | |
| System control number | urn:nbn:sk:snk-am00bcx6 |
| 035 ## - SYSTEM CONTROL NUMBER | |
| System control number | urn:nbn:sk:snk-am3h8lf |
| 035 ## - SYSTEM CONTROL NUMBER | |
| System control number | EDB24BD1-1650-47F1-B1D4-2D4AF6B7593B |
| 040 ## - CATALOGING SOURCE | |
| Original cataloging agency | SNK |
| Language of cataloging | slo |
| Transcribing agency | SNK |
| Description conventions | AACR2 |
| 041 1# - LANGUAGE CODE | |
| Language code of text/sound track or separate title | slo |
| Language code of original | eng |
| 044 ## - COUNTRY OF PUBLISHING/PRODUCING ENTITY CODE | |
| MARC country code | xo |
| ISO country code | SK |
| 072 #7 - SUBJECT CATEGORY CODE | |
| Subject category code | 821.111-3 |
| Subject category code subdivision | Anglická próza, anglicky písaná |
| Source | konspekt |
| 072 #7 - SUBJECT CATEGORY CODE | |
| Subject category code | 821-93 |
| Subject category code subdivision | Literatúra pre deti a mládež (beletria) |
| Source | konspekt |
| 080 ## - UNIVERSAL DECIMAL CLASSIFICATION NUMBER | |
| Universal Decimal Classification number | 821.111-311.5 |
| Edition identifier | 2011 |
| 080 ## - UNIVERSAL DECIMAL CLASSIFICATION NUMBER | |
| Universal Decimal Classification number | (0.05-053.2:821-93) |
| Edition identifier | 2011 |
| 100 1# - MAIN ENTRY--PERSONAL NAME | |
| Personal name | Walliams, David, |
| Dates associated with a name | 1971- |
| Relationship | aut |
| 240 10 - UNIFORM TITLE | |
| Uniform title | Billionaire Boy |
| Language of a work | Slovensky |
| 245 10 - TITLE STATEMENT | |
| Title | Malý milionár |
| Statement of responsibility, etc. | David Walliams ; ilustroval Tony Ross ; z anglického originálu Billionaire Boy ... preložila Michaela Hajduková] |
| 260 ## - PUBLICATION, DISTRIBUTION, ETC. | |
| Place of publication, distribution, etc. | Bratislava |
| Name of publisher, distributor, etc. | Slovart |
| Date of publication, distribution, etc. | 2015 |
| 300 ## - PHYSICAL DESCRIPTION | |
| Extent | 286 s. |
| Other physical details | ilustr. |
| Dimensions | 20 cm |
| 500 ## - GENERAL NOTE | |
| General note | Na obale: Pozor! Pri čítaní tejto knihy hrozí, že pukneš od smiechu! |
| 521 1# - TARGET AUDIENCE NOTE | |
| Target audience note | Pre čitateľov od 9 rokov |
| 655 #7 - INDEX TERM--GENRE/FORM | |
| Genre/form data or focus term | anglické romány |
| Source of term | SNKPH |
| 655 #7 - INDEX TERM--GENRE/FORM | |
| Genre/form data or focus term | humoristické romány |
| Source of term | SNKPH |
| 655 #7 - INDEX TERM--GENRE/FORM | |
| Genre/form data or focus term | literatúra pre deti |
| Source of term | SNKPH |
| 655 #7 - INDEX TERM--GENRE/FORM | |
| Genre/form data or focus term | English fiction |
| Source of term | SNKPHeng |
| 655 #7 - INDEX TERM--GENRE/FORM | |
| Genre/form data or focus term | Humorous novels |
| Source of term | SNKPHeng |
| 655 #7 - INDEX TERM--GENRE/FORM | |
| Genre/form data or focus term | Children's literature |
| Source of term | SNKPHeng |
| 700 1# - ADDED ENTRY--PERSONAL NAME | |
| Personal name | Ross, Tony, |
| Dates associated with a name | 1938- |
| Relationship | ill |
| 700 1# - ADDED ENTRY--PERSONAL NAME | |
| Personal name | Hajduková, Michaela |
| Titles and other words associated with a name | (prekladateľka) |
| Relationship | trl |
| 942 ## - ADDED ENTRY ELEMENTS (KOHA) | |
| Source of classification or shelving scheme | Dewey Decimal Classification |
| Koha item type | Krásna literatúra pre deti |
| Suppress in OPAC | No |
| Stav vyradenia | Strata | Poškodenie | Spôsob nadobudnutia | Domovská knižnica | Aktuálna knižnica | Dátum nadobudnutia | Total checkouts | Čiarový kód exemplára | Date last seen | Typ exemplára |
|---|---|---|---|---|---|---|---|---|---|---|
| Dar | Mestská knižnica Turany | Mestská knižnica Turany | 20.04.2026 | 4712401326 | 20.04.2026 | Krásna literatúra pre deti |
